000 00709cam a22002411 4500
001 l 54000006
003 DLC
005 20260227111543.0
008 831014s1953 fr s 000 0 eng c
010 _al 54000006
035 _a(OCoLC)10016410
040 _aU.S. Dept. of Labor. Library
_cPBL
_dDLC
042 _apremarc
050 0 0 _aHC370.I5
_bO7
110 2 _aOrganisation for European Economic Co-operation.
_bNational Accounts Research Unit.
245 1 0 _aNational accounts studies, Norway
_c[by O. Hiorth]
260 _aParis
_c[1953]
300 _a132 p.
_c24 cm.
650 0 _aFinance, Public
_zNorway.
650 0 _aIncome
_zNorway.
651 0 _aNorway
_vStatistics.
700 1 _aHiorth, O.
999 _c36833
_d36833